|
|
|
|
| LEADER |
01448nam a2200373 a 4500 |
| 001 |
mzk03001076758 |
| 003 |
CZ BrMZK |
| 005 |
20130218105509.0 |
| 007 |
ta |
| 008 |
091126s1718 ne c fr|||||00| ||freod |
| 040 |
|
|
|a BOA001
|b cze
|
| 072 |
|
7 |
|a 094
|x Staré tisky
|2 Konspekt
|9 12
|
| 080 |
|
|
|a (0.068)094
|2 MRF
|
| 100 |
1 |
|
|a Aubery, Antoine,
|d 1616-1695
|7 ola2010615159
|4 aut
|
| 245 |
1 |
2 |
|a L'Histoire du Cardinal Mazarin.
|n Tome Second /
|c Par Mr. Aubery, Avocat au Parlement et aux Conseils du Roi
|
| 250 |
|
|
|a Nouvelle Edition
|
| 260 |
|
|
|a A Amsterdam :
|b Chez Michel Charles le Cene, Libraire dans le Nes,
|c 1718
|
| 300 |
|
|
|a [4], 573 s., [1] příl. ;
|c 8°
|
| 500 |
|
|
|a Výzdoba: Mědirytinový frontispis, titulní strana tištěna červeně a černě, nad impresem viněta, vlysy
|
| 510 |
3 |
|
|a DNB
|
| 561 |
|
|
|a Provenience: [exlibris] Bibliothecae Wesseliensis Nro. 426
|
| 563 |
|
|
|a Kožená vazba se slepotiskovým hřbetem
|
| 590 |
|
|
|a Poškozeno vlhkem a plísní
|
| 655 |
|
7 |
|a staré tisky
|7 fd422076
|2 czenas
|
| 700 |
1 |
|
|a Mazarin, Jules,
|d 1602-1661
|7 xx0001816
|4 hnr
|
| 903 |
|
|
|a RP
|
| 910 |
|
|
|a BOA001
|b CH-0006.967,2
|
| 978 |
|
|
|b Le Cène, Michel Charles
|a Amsterdam
|c 1718
|
| 984 |
|
|
|a Amsterdam
|b Nizozemsko
|
| 985 |
|
|
|a 1701-1750
|
| 990 |
|
|
|a BK
|
| 993 |
|
|
|a Y
|
| 991 |
|
|
|k mzk
|
| 996 |
6 |
|
|b 2610403275
|c CH-0006.967,2
|l stud. ST
|r Sklad / do násl. otevíracího dne
|n 0
|h Bib.XVII.Oben.7
|w 001098283
|x 9
|u 000010
|a 1
|e BOA001
|s P
|